000 00745nam a2200253Ia 4500
003 OSt
005 20220918173827.0
006 a|||||r|||| 00| 0
007 ta
008 220917b |||||||| |||| 00| 0 eng d
024 _a8,535
037 _cTextual
040 _aARTS
_cARTS
_beng
041 _2eng
_aeng
082 _aD65,8(2), M2 (2)
100 _aRorvig Mark E.
_947681
245 0 _aMicrocomputers and libraries
_b A guide to technolgy, products and applications
260 _aNew York
_bKnowledge Industry
_c1982
300 _a134p
_ccm.
490 _aProfessional librarian series , 1982
650 _aENGINEERING
_92968
942 _hD65,8(2), M2 (2)
_cTEXL
_2CC
999 _c150293
_d150293